[Event "Sarpsborg CC-ch"]
[Site "Sarpsborg"]
[Date "2003.04.04"]
[Round "13"]
[White "Stabbetorp, Hans M"]
[Black "Groenli, Frank"]
[Result "1-0"]
[WhiteElo "1404"]
[BlackElo "1292"]
[PlyCount "75"]
[EventDate "2003.??.??"]
[EventType "swiss"]
[EventRounds "15"]
[EventCountry "NOR"]
[SourceTitle "EXT 2005"]
[Source "ChessBase"]
[SourceDate "2004.11.15"]
[SourceVersion "1"]
[SourceVersionDate "2004.11.15"]
[SourceQuality "1"]

1. d4 d5 2. Nf3 e6 3. Bf4 Nf6 4. Nbd2 c5 5. e3 cxd4 6. Nxd4 Bd6 7. Bxd6 Qxd6 8. Qf3 0-0 9. Bd3 Nc6 10. Nb5 Qb4 11. Rb1 Ne5 12. Qe2 Nc4 13. Bxc4 dxc4 14. Qxc4 Nd5 15. a3 Qe7 16. Nf3 a6 17. Nc3 b5 18. Nxd5 exd5 19. Qxd5 Bb7 20. Qd1 Rfd8 21. Qe2 Qc5 22. c3 Be4 23. Rd1 Qh5 24. Rd4 Qg4 25. Rg1 Rd5 26. Nd2 Qxe2+ 27. Kxe2 Rxd4 28. cxd4 Bb7 29. f3 Rc8 30. Kd3 Kf8 31. Nb3 Rc6 32. Na5 Rc7 33. Nxb7 Rxb7 34. Rc1 a5 35. Rc5 a4 36. Kc3 Rb6 37. Kb4 Rh6 38. h3 1-0

[Event "Sarpsborg CC-ch"]
[Site "Sarpsborg"]
[Date "2002.05.03"]
[Round "15"]
[White "Birkic, Vid"]
[Black "Groenli, Frank"]
[Result "1-0"]
[WhiteElo "1495"]
[BlackElo "1292"]
[PlyCount "59"]
[EventDate "2002.01.??"]
[EventType "swiss"]
[EventRounds "15"]
[EventCountry "NOR"]
[SourceTitle "EXT 2005"]
[Source "ChessBase"]
[SourceDate "2004.11.15"]
[SourceVersion "1"]
[SourceVersionDate "2004.11.15"]
[SourceQuality "1"]

1. f4 Nf6 2. Nf3 d5 3. b3 c5 4. e3 Bg4 5. Bb2 e6 6. Be2 Be7 7. 0-0 0-0 8. h3 Bxf3 9. Bxf3 Nc6 10. Qe1 d4 11. Na3 Rc8 12. Rd1 a6 13. e4 b5 14. d3 h6 15. Ra1 Nh7 16. Nb1 f5 17. Nd2 Nf6 18. exf5 exf5 19. Qe6+ Kh8 20. Bxc6 Ng8 21. Bf3 Bh4 22. Qxa6 Qe8 23. Rad1 Rf6 24. Qb7 Bg3 25. Bh5 Qe3+ 26. Kh1 Rfc6 27. Rf3 Qe2 28. Rxg3 R6c7 29. Qxc7 Qxh5 30. Qxg7# 1-0

[Event "Sarpsborg CC-ch"]
[Site "Sarpsborg"]
[Date "2002.04.26"]
[Round "14"]
[White "Groenli, Frank"]
[Black "Birkic, Vid"]
[Result "0-1"]
[WhiteElo "1292"]
[BlackElo "1495"]
[PlyCount "82"]
[EventDate "2002.01.??"]
[EventType "swiss"]
[EventRounds "15"]
[EventCountry "NOR"]
[SourceTitle "EXT 2005"]
[Source "ChessBase"]
[SourceDate "2004.11.15"]
[SourceVersion "1"]
[SourceVersionDate "2004.11.15"]
[SourceQuality "1"]

1. e4 c5 2. Nf3 a6 3. d4 cxd4 4. Nxd4 g6 5. Nc3 Bg7 6. Bc4 e6 7. 0-0 Qb6 8. Nf3 Ne7 9. e5 Nbc6 10. Qd6 Nf5 11. Qd3 Nxe5 12. Nxe5 Bxe5 13. Re1 Qc7 14. f4 Bg7 15. Nd5 Qc5+ 16. Be3 Nxe3 17. Rxe3 Bxb2 18. Rb1 Bd4 19. Rbe1 0-0 20. Ne7+ Kg7 21. Kh1 Bxe3 22. Nxc8 Raxc8 23. Bb3 Bxf4 24. Re4 Qg5 25. Qd4+ e5 26. Qf2 f5 27. Re1 d6 28. g3 Bd2 29. Rd1 Bb4 30. Qb6 Bc5 31. Qxb7+ Kh6 32. Qg2 Qg4 33. c4 Rb8 34. h3 Qh5 35. Rf1 Qg5 36. h4 Qe3 37. Kh2 f4 38. g4 Qg3+ 39. Qxg3 fxg3+ 40. Kg2 Rxf1 41. Kxf1 Rf8+ 0-1

[Event "Sarpsborg CC-ch"]
[Site "Sarpsborg"]
[Date "2002.02.15"]
[Round "6"]
[White "Kristiansen, Espen"]
[Black "Groenli, Frank"]
[Result "0-1"]
[WhiteElo "1062"]
[BlackElo "1292"]
[PlyCount "74"]
[EventDate "2002.01.??"]
[EventType "swiss"]
[EventRounds "15"]
[EventCountry "NOR"]
[SourceTitle "EXT 2005"]
[Source "ChessBase"]
[SourceDate "2004.11.15"]
[SourceVersion "1"]
[SourceVersionDate "2004.11.15"]
[SourceQuality "1"]

1. e4 e5 2. d4 exd4 3. Nf3 Nf6 4. Bg5 Be7 5. e5 Ne4 6. Bxe7 Qxe7 7. Nbd2 d5 8. Qe2 0-0 9. Nxe4 dxe4 10. Qxe4 Qb4+ 11. Nd2 Nc6 12. Bd3 g6 13. a3 Qxb2 14. Rb1 Qxa3 15. 0-0 Bf5 16. Qh4 Bxd3 17. cxd3 Qxd3 18. Ne4 Nxe5 19. Nf6+ Kg7 20. Nh5+ gxh5 21. Rbd1 Qg6 22. Qxd4 Rfe8 23. Qc3 Qf6 24. Qg3+ Qg6 25. Qc3 Kg8 26. Rde1 Nd3 27. Rxe8+ Rxe8 28. Rd1 Qe4 29. h3 Nf4 30. Qg3+ Kh8 31. Qc3+ Re5 32. Rd8+ Kg7 33. Qg3+ Ng6 34. Rd1 Qf4 35. Qc3 Qf6 36. Qxc7 Qc6 37. Qa5 Rxa5 0-1

[Event "Sarpsborg op"]
[Site "Sarpsborg"]
[Date "2001.12.07"]
[Round "12"]
[White "Kristiansen, Espen"]
[Black "Groenli, Frank"]
[Result "1/2-1/2"]
[WhiteElo "968"]
[BlackElo "1347"]
[PlyCount "85"]
[EventDate "2001.08.??"]
[EventType "swiss"]
[EventRounds "12"]
[EventCountry "NOR"]
[SourceTitle "EXT 2005"]
[Source "ChessBase"]
[SourceDate "2004.11.15"]
[SourceVersion "1"]
[SourceVersionDate "2004.11.15"]
[SourceQuality "1"]

1. e4 e5 2. Nf3 Nc6 3. d4 exd4 4. Nxd4 Nge7 5. Bc4 Ne5 6. Bb3 N7c6 7. 0-0 Be7 8. Be3 0-0 9. Nd2 Na5 10. N2f3 Nxb3 11. cxb3 Ng6 12. Nf5 Bf6 13. Bd4 Re8 14. Re1 Ne5 15. Rc1 d5 16. Ng3 Bg4 17. Bxe5 Rxe5 18. h3 Bxf3 19. Qxf3 d4 20. Qd3 Bg5 21. Rc2 g6 22. Ne2 Bf6 23. f4 Re7 24. e5 Bg7 25. Rc4 f6 26. Rxd4 Qe8 27. Qc4+ Kh8 28. e6 b5 29. Qc2 Rxe6 30. Rdd1 Rd8 31. Qxc7 Rxd1 32. Rxd1 Qg8 33. Nd4 Re8 34. Nxb5 f5 35. Nd6 Rf8 36. Rd2 Qe6 37. Nc4 Bh6 38. Qe5+ Qxe5 39. Nxe5 Bxf4 40. Re2 Kg7 41. Nc4 Rd8 42. Re7+ Kf6 43. Re1 1/2-1/2

[Event "Sarpsborg op"]
[Site "Sarpsborg"]
[Date "2001.09.28"]
[Round "6"]
[White "Birkic, Vid"]
[Black "Groenli, Frank"]
[Result "1-0"]
[WhiteElo "1540"]
[BlackElo "1347"]
[PlyCount "73"]
[EventDate "2001.08.??"]
[EventType "swiss"]
[EventRounds "12"]
[EventCountry "NOR"]
[SourceTitle "EXT 2005"]
[Source "ChessBase"]
[SourceDate "2004.11.15"]
[SourceVersion "1"]
[SourceVersionDate "2004.11.15"]
[SourceQuality "1"]

1. Nf3 Nf6 2. c4 c5 3. e3 d5 4. Nc3 e6 5. b3 Nc6 6. cxd5 exd5 7. d4 cxd4 8. Nxd4 Be7 9. Bb5 Bd7 10. Nxc6 bxc6 11. Bd3 0-0 12. 0-0 Bb4 13. Bb2 Qe7 14. h3 Rfd8 15. Ne2 Bd6 16. Rc1 a5 17. Qc2 h6 18. Bf5 Rac8 19. Bxd7 Rxd7 20. Nd4 Rdc7 21. Nf5 Qe6 22. Nxd6 Qxd6 23. Qf5 Ne4 24. Be5 Qd7 25. Qf4 g5 26. Qh2 Rb7 27. f3 Nd2 28. Rfd1 Nxb3 29. axb3 Rxb3 30. Rc3 a4 31. Qg3 Qf5 32. Re1 f6 33. Bd4 Rxc3 34. Bxc3 Qe6 35. Qf2 Rb8 36. Qc2 Rc8 37. Qxa4 1-0

[Event "Sarpsborg op"]
[Site "Sarpsborg"]
[Date "2001.09.07"]
[Round "3"]
[White "Groenli, Frank"]
[Black "Fjellengen, Bard"]
[Result "0-1"]
[WhiteElo "1347"]
[BlackElo "1774"]
[PlyCount "78"]
[EventDate "2001.08.??"]
[EventType "swiss"]
[EventRounds "12"]
[EventCountry "NOR"]
[SourceTitle "EXT 2005"]
[Source "ChessBase"]
[SourceDate "2004.11.15"]
[SourceVersion "1"]
[SourceVersionDate "2004.11.15"]
[SourceQuality "1"]

1. e4 Nc6 2. Nf3 e5 3. Bb5 Bc5 4. 0-0 Nf6 5. c3 0-0 6. d4 Be7 7. Re1 d5 8. dxe5 Nxe4 9. Nbd2 Bg4 10. Nxe4 dxe4 11. Qxd8 Raxd8 12. Ng5 Nxe5 13. Nxe4 c6 14. Bf1 Bc8 15. Be3 b6 16. Ng3 Ng6 17. Rad1 Be6 18. a3 Bb3 19. Rd2 f5 20. Rxd8 Bxd8 21. Bc1 Bc7 22. Nh5 f4 23. Bd3 Ne5 24. Be4 g5 25. g4 Nxg4 26. Bxc6 Bf7 27. h3 Ne5 28. Nf6+ Kg7 29. Rxe5 Bxe5 30. Nd7 Rd8 31. Nxe5 Rd1+ 32. Kg2 Rxc1 33. Nf3 h6 34. Be4 Bg6 35. Bd5 Rc2 36. Nd4 Rxb2 37. Ne6+ Kf6 38. a4 Ke5 39. c4 Be4+ 0-1

[Event "Sarpsborg op"]
[Site "Sarpsborg"]
[Date "2001.08.24"]
[Round "1"]
[White "Aamodt, Freddy"]
[Black "Groenli, Frank"]
[Result "1-0"]
[WhiteElo "1732"]
[BlackElo "1347"]
[PlyCount "41"]
[EventDate "2001.08.??"]
[EventType "swiss"]
[EventRounds "12"]
[EventCountry "NOR"]
[SourceTitle "EXT 2005"]
[Source "ChessBase"]
[SourceDate "2004.11.15"]
[SourceVersion "1"]
[SourceVersionDate "2004.11.15"]
[SourceQuality "1"]

1. e4 e5 2. Nf3 Nf6 3. d4 exd4 4. e5 Ne4 5. Bd3 d5 6. exd6 Nxd6 7. Nxd4 c5 8. Nf3 Bg4 9. 0-0 c4 10. Bxc4 Nxc4 11. Qe2+ Be6 12. Ng5 Bd6 13. Nxe6 Bxh2+ 14. Kxh2 Qh4+ 15. Kg1 fxe6 16. Qxe6+ Kd8 17. Rd1+ Kc7 18. g3 Qh5 19. Bf4+ Nd6 20. Qxd6+ Kc8 21. Qc7# 1-0

[Event "Sarpsborg CC-ch"]
[Site "Sarpsborg"]
[Date "2001.04.20"]
[Round "11"]
[White "Andersen, Harry"]
[Black "Groenli, Frank"]
[Result "1-0"]
[WhiteElo "1683"]
[BlackElo "1337"]
[PlyCount "31"]
[EventDate "2001.??.??"]
[EventType "swiss"]
[EventRounds "11"]
[EventCountry "NOR"]
[SourceTitle "EXT 2005"]
[Source "ChessBase"]
[SourceDate "2004.11.15"]
[SourceVersion "1"]
[SourceVersionDate "2004.11.15"]
[SourceQuality "1"]

1. e4 e5 2. Nf3 Nf6 3. Nc3 Nc6 4. Bb5 Nd4 5. Bc4 Nxf3+ 6. gxf3 c6 7. d4 d5 8. exd5 Nxd5 9. Bxd5 cxd5 10. Qe2 Bb4 11. Qb5+ Qd7 12. Qxb4 exd4 13. Nb5 Qe6+ 14. Kd1 Qb6 15. Bf4 a5 16. Nd6+ 1-0

[Event "Sarpsborg CC-ch"]
[Site "Sarpsborg"]
[Date "2001.03.16"]
[Round "5"]
[White "Ingvaldsen, Jonas A"]
[Black "Groenli, Frank"]
[Result "1-0"]
[WhiteElo "1691"]
[BlackElo "1337"]
[PlyCount "101"]
[EventDate "2001.??.??"]
[EventType "swiss"]
[EventRounds "11"]
[EventCountry "NOR"]
[SourceTitle "EXT 2005"]
[Source "ChessBase"]
[SourceDate "2004.11.15"]
[SourceVersion "1"]
[SourceVersionDate "2004.11.15"]
[SourceQuality "1"]

1. e4 e5 2. f4 Qh4+ 3. g3 Qe7 4. fxe5 d6 5. exd6 Qxe4+ 6. Qe2 Qxe2+ 7. Bxe2 Bxd6 8. Nf3 Nf6 9. 0-0 Nc6 10. d4 Bh3 11. Re1 0-0-0 12. c3 Bg4 13. Bg5 Rde8 14. Nbd2 Ne4 15. Bd3 Nxd2 16. Nxd2 h6 17. Be3 Ne7 18. Ne4 Nf5 19. Bd2 Bf3 20. Ng5 hxg5 21. Bxf5+ Kd8 22. Bxg5+ f6 23. Bd2 c5 24. Bg6 Re2 25. Rxe2 Bxe2 26. Re1 Bb5 27. dxc5 Bxc5+ 28. Be3 Bxe3+ 29. Rxe3 Rf8 30. b3 Bc6 31. c4 f5 32. b4 f4 33. Rd3+ Kc7 34. b5 fxg3 35. bxc6 gxh2+ 36. Kxh2 Rf2+ 37. Kg3 Rxa2 38. cxb7 Kxb7 39. Rd7+ Kb6 40. Rxg7 Ra1 41. Kf2 a5 42. Be4 a4 43. Rg5 Ra2+ 44. Ke3 Rh2 45. c5+ Kc7 46. Kd4 Rh4 47. Rg7+ Kb8 48. c6 a3 49. c7+ Kc8 50. Ke5 a2 51. Bf5+ 1-0

[Event "Sarpsborg CC-ch"]
[Site "Sarpsborg"]
[Date "2001.01.12"]
[Round "1"]
[White "Fjellengen, Bard"]
[Black "Groenli, Frank"]
[Result "1-0"]
[WhiteElo "1774"]
[BlackElo "1337"]
[PlyCount "115"]
[EventDate "2001.??.??"]
[EventType "swiss"]
[EventRounds "11"]
[EventCountry "NOR"]
[SourceTitle "EXT 2005"]
[Source "ChessBase"]
[SourceDate "2004.11.15"]
[SourceVersion "1"]
[SourceVersionDate "2004.11.15"]
[SourceQuality "1"]

1. d4 d5 2. c4 e6 3. Nf3 Nf6 4. Bg5 c5 5. cxd5 exd5 6. Nc3 Be7 7. e3 0-0 8. dxc5 Qa5 9. Bd3 Nc6 10. 0-0 Bg4 11. Rc1 Qxc5 12. Bxf6 Bxf6 13. Nxd5 Qd6 14. Nc3 Qb4 15. Nd5 Qxb2 16. Rc2 Bxf3 17. Qxf3 Qe5 18. Be4 Bg5 19. Qf5 Qxf5 20. Bxf5 g6 21. Bd7 Ne7 22. Nc3 Bf6 23. Ne4 Bg7 24. Rc7 b6 25. Rd1 Rfd8 26. Rd2 Kf8 27. Kf1 a6 28. Ke2 b5 29. Nc5 Be5 30. Rb7 Ng8 31. f4 Bg7 32. Rb6 Nf6 33. Bc6 Rxd2+ 34. Kxd2 Rd8+ 35. Ke2 Nd5 36. Rxa6 Nc3+ 37. Kf3 Rd2 38. Ra8+ Ke7 39. Ne4 Nxe4 40. Bxe4 b4 41. Bc6 f5 42. Bb5 Rd5 43. Bc4 Rc5 44. Ra7+ Kf8 45. Bb3 Bc3 46. Rf7+ Ke8 47. Rxh7 Ra5 48. Rb7 Ra6 49. e4 fxe4+ 50. Kxe4 Rd6 51. Bd5 Rf6 52. g4 Bd2 53. f5 g5 54. Rh7 Be1 55. Be6 Bc3 56. Kd5 Kd8 57. Kd6 Rf8 58. Ra7 1-0